| 000 | 00473nam a2200181 a 4500 | ||
|---|---|---|---|
| 001 | 28260 | ||
| 005 | 20180713231120.0 | ||
| 008 | 140415s2003 000 0 spa d | ||
| 020 | _a9701037871 | ||
| 041 | _aspa | ||
| 082 |
_a302.236072 _bDIA |
||
| 100 | 1 | _aTHOMAS, BURROWS | |
| 245 | 1 | 0 | _aPRODUCCIÓN DE VIDEO DISCIPLINA Y TÉCNICA |
| 250 | _a8° EDICIÓN | ||
| 260 |
_a[s.l.] : _bMC GRAW HILL, _c2003 |
||
| 300 |
_a385 _c22 x 3 x 28 |
||
| 520 | _aRP | ||
| 999 |
_c28260 _d28260 |
||